000 00661cam a22002413a 4500
001 30318
003 PGUSA
005 20140828083644.0
008 091023s2009||||xxu|||||s|||||000 1 eng d
040 _aPGUSA
_beng
042 _adc
050 4 _aPS
100 1 _aGarland, Hamlin,
_d1860-1940
245 1 0 _aMoney Magic :
_bA Novel
_h[electronic resource] /
_cHamlin Garland
260 _bProject Gutenberg,
_c2009
506 _aPublic domain in the USA.
516 _aElectronic text
653 _aWestern stories
653 _aColorado -- Fiction
830 0 _aProject Gutenberg
_v30318
856 4 0 _uhttp://www.gutenberg.org/ebooks/30318
942 _cEB
999 _c259573
_d259573